000 00606nam a2200193Ia 4500
005 20260114185627.0
008 008 260114s9999 xx 000 0 eng d
020 _a9781474291859
037 _aEBOOK
040 _aCRL
_beng
_cCRL
041 _aeng
_2eng
084 _qCRL
100 _aPeter van Ham
_9872390
245 4 _aThe EC, Eastern Europe and European Unity Discord, Collaboration and Integration Since 1947
260 _bBloomsbury
_c2016
856 _uhttps://doi.org/10.5040/9781474291859?locatt=label:secondary_bloomsburyCollections
942 _cEBOOK
999 _c1471338
_d1471338